Govt. of
Madhya Pradesh

Beyond The Fire Line (Record no. 4494)

MARC details
000 -LEADER
fixed length control field 004700000a22001810004500
003 - CONTROL NUMBER IDENTIFIER
control field MACL
005 - DATE AND TIME OF LATEST TRANSACTION
control field 20150707124350.0
008 - FIXED-LENGTH DATA ELEMENTS--GENERAL INFORMATION
fixed length control field 150707b xxu||||| |||| 00| 0 eng d
040 ## - CATALOGING SOURCE
Original cataloging agency MACL
Transcribing agency MACL
041 ## - LANGUAGE CODE
Language code of text/sound track or separate title English
082 ## - DEWEY DECIMAL CLASSIFICATION NUMBER
Classification number 307/ARA
100 ## - MAIN ENTRY--PERSONAL NAME
Personal name Mahale, Prabha
9 (RLIN) 1066
245 ## - TITLE STATEMENT
Title Beyond The Fire Line
Remainder of title Preception Of Eight Tribal Women
260 ## - PUBLICATION, DISTRIBUTION, ETC. (IMPRINT)
Name of publisher, distributor, etc. Indian social Institute
Date of publication, distribution, etc. 1991
Place of publication, distribution, etc. New Delhi
350 ## - PRICE (NR) (BK AM CF MU VM SE) [OBSOLETE]
Price 25
650 ## - SUBJECT ADDED ENTRY--TOPICAL TERM
Topical term or geographic name as entry element Sociology
9 (RLIN) 19
942 ## - ADDED ENTRY ELEMENTS (KOHA)
Koha item type Books
Call number prefix 307
Source of classification or shelving scheme
Holdings
Withdrawn status Lost status Source of classification or shelving scheme Damaged status Not for loan Home library Current library Date acquired Cost, normal purchase price Full call number Barcode Date last seen Uniform Resource Identifier Price effective from Koha item type
          MACL MACL 15/04/2015 25.00 307/ARA CRE005068 02/05/2024 4462 15/04/2015 Books